01627cam a2200277 a 450000100090000000300040000900500170001300800410003002000180007102000150008904000430010405000140014708200120016110000230017324500350019625000130023126000330024430000330027750400510031050507690036165000150113090600450114594200120119099900160120295201310121814558097OSt20220127144432.0060919s2007 nyuab b 001 0 eng  a9780136016823 a0136016820 aDLCcLCdYDXdBAKERdBTCTAdYDXCPdDLC00aHM586.M3300a301222 qMacionis, John J. 10aSociology. /cJohn J. Macionis a12th ed. aNew Jersey:bPearson,c2008. axxxv, 708 p.:bill. (col.).; aIncludes bibliographical references and index. aContents: 1. The Foundations of sociology: The sociological perspective -- Sociological investigation -- 2. The Foundations of society: Culture -- Society -- Socialization -- Social interaction in everyday life -- Groups and organizations -- Sexuality and society -- Deviance -- 3. Social inequality: Social stratification -- Social class in the United States -- Global stratification -- Gender stratification -- Race and ethnicity -- Aging and the elderly -- 4. Social institutions: The economy and work -- Politics and Government -- Families -- Religion -- Education -- Health and medicine -- 5. Social change: Population, urbanization and environment -- Collective behavior and social movements -- Social change: traditional, modern and postmodern societies --  0aSociology. a7bcbccorignewd1eocipf20gy-gencatlg 2lcccBK c8517d16017 00102lcc4070aWIUC-KLbWIUC-KLcGENd2019-10-22eWIUCl0oHM586.M33(12e)pK/219/219/19r2022-01-27 00:00:00w2022-01-27yBK